Visualizzazione normale
Vista MARC
- Unión Europea
di Corporate Name
Records bibliografici associati: 1
001 - CONTROL NUMBER
- control field: 62404
003 - CONTROL NUMBER IDENTIFIER
- control field: IT-RoINE
005 - DATE AND TIME OF LATEST TRANSACTION
- control field: 20190912113429.0
008 - FIXED-LENGTH DATA ELEMENTS
- fixed length control field: 190912|| aca||aabn | a|a d
040 ## - CATALOGING SOURCE
- Original cataloging agency: IT-RoINE
- Transcribing agency: IT-RoINE
110 ## - HEADING--CORPORATE NAME
- Corporate name or jurisdiction name as entry element: Unión Europea
- General subdivision: Historia
- General subdivision: Fuentes
670 ## - SOURCE DATA FOUND
- Source citation: Work cat.: (IT-RoINE)0: Tratado de Niza (2001) 62403, Tratado de Niza y versiones consolidadas de los Tratados de la Unión Europea y de la Comunidad Europea /, 2001.